| 000 | 00797nam a2200229Ii 4500 | ||
|---|---|---|---|
| 003 | JO-AjNU | ||
| 008 | 230605s9999||||xx |||||||||||||| ||und|| | ||
| 017 | _a3767.10.2011 | ||
| 020 | _a978-9957-07-975-8 | ||
| 040 |
_aJO-AjNU _bara _erda _cJO-AjNU |
||
| 041 | _aara | ||
| 050 | 1 | 4 | _aRJ506.B44.K3812.212 |
| 100 | 3 |
_aالحياري ، غالب محمد, _eauthor _942961 |
|
| 245 | 0 | 0 | _aخصائص الاضطرابات السلوكية او الانفعالية لللاطفال والمراهقين |
| 250 | _aط1 | ||
| 264 | 3 | 1 | _aعمان:دار الفكرللنشر ،2011 |
| 300 | _a671ص | ||
| 336 |
_atext _btxt _2rdacontent |
||
| 337 |
_aunmediated _bn _2rdamedia |
||
| 338 |
_avolume _bnc _2rdacarrier |
||
| 650 | 4 |
_aالاطفال-علم النفس-الاطفال-سلوك _942962 |
|
| 999 |
_aA18434 _c22002 _d22002 |
||